000 00681nam a2200241Ia 4500
005 20260430150546.0
008 008 250103s9999 xx 000 0 eng d
037 _aTheses
040 _aCRL
040 _beng
040 _ceng
041 _2eng
041 _aeng
084 _qCRL
100 _aRana Ankush Kumar Au.; Natarajan Krishnamurthy Gu.
_91237850
245 0 _aRole of Short Chain Fatty Acids in Mediating Protective Responses to Mycobacteria
260 _c2024
300 _a134p.
650 _aMedicine
700 _aUniversity of Delhi. Faculty of Medical Sciences. Deptt.of Medical Bio-Medical Research
942 _cTH
999 _c1850073
_d1850073